| 000 | 01033 a2200253 4500 | ||
|---|---|---|---|
| 001 | 47672 | ||
| 005 | 20260407155743.0 | ||
| 008 | 260407a2009 arg spa d | ||
| 003 | AR-UNSa-BCEJYS | ||
| 040 |
_aAR-UNSa-BCEJYS _bspa _cAR-UNSa-BCEJYS |
||
| 080 |
_a929 _xEstudios biográficos y relacionados |
||
| 245 | 1 | 0 |
_aManuel Belgrano _pautobiografía y escritos económicos |
| 020 | _a978-950-04-3189-7 | ||
| 264 | 1 |
_aBuenos Aires : _bEmecé _c2009 |
|
| 300 |
_a214 p. _c23 cm. |
||
| 505 | _a1. Autobiografía del General Don Juan Manuel Belgrano, que comprende desde sus primeros años (1770) hasta la Revolución del 25 de Mayo - 2. Medios generales de fomentar la agricultura, animar la industria y proteger el comercio en un país agricultor. | ||
| 041 | _aspa | ||
| 942 | _cBK | ||
| 590 | _aniveau_biblio:m niveau_hierar:0 | ||
| 100 | 1 | _aPigna, Felipe | |
| 650 | _aMANUEL BELGRANO | ||
| 856 | 4 | 1 |
_uhttps://biblioeco.unsa.edu.ar/pmb/images/libros/L127634.jpg _yImagen de portada _qimage/jpeg |
| 650 | _a manuel belgrano | ||
| 999 |
_c4435 _d4435 |
||